Simon Richard Fraser and Nathan George Fraser v Canterbury Diocesan Board of Finance and Integrated Services Programme (Record no. 74163)

MARC details
000 -LEADER
fixed length control field 01780cab a2200277 4500
001 - CONTROL NUMBER
control field ABS@61468
008 - FIXED-LENGTH DATA ELEMENTS--GENERAL INFORMATION
fixed length control field 040220n2004 000 0 eng u
035 ## - SYSTEM CONTROL NUMBER
System control number (Sirsi) u125211
245 ## - TITLE STATEMENT
Title Simon Richard Fraser and Nathan George Fraser v Canterbury Diocesan Board of Finance and Integrated Services Programme
260 ## - PUBLICATION, DISTRIBUTION, ETC.
Date of publication, distribution, etc. 2004
520 ## - SUMMARY, ETC.
Summary, etc. [2004] EWCA Civ 15, 28 January 2004. Appeal by appellant F against a HC decision ([2003] EWHC 1075 (Ch), 14 May 2003) which held that a reverter of land had not taken place before the Reverter of Sites Act 1987 came into force. CA held that the trustees of an 1866 trust deed were entitled to the proceeds of the sale of part of the site of a school since the land had reverted to the successors in title of the grantor under the School Sites Act 1941 s2 on the grounds that there had been a cessation of the purpose stipulated in the trusts on which the land had been donated for use as a school. Appeal allowed. View judgment at www.courtservice.gov.uk.
590 ## - LOCAL NOTE (RLIN)
Local note ABS
590 ## - LOCAL NOTE (RLIN)
Local note ABS
590 ## - LOCAL NOTE (RLIN)
Local note ABS
590 ## - LOCAL NOTE (RLIN)
Local note ABS
650 ## - SUBJECT ADDED ENTRY--TOPICAL TERM
Topical term or geographic name entry element SCHOOL SITES ACT 1841 S2
650 ## - SUBJECT ADDED ENTRY--TOPICAL TERM
Topical term or geographic name entry element LAW OF TRUSTS
650 ## - SUBJECT ADDED ENTRY--TOPICAL TERM
Topical term or geographic name entry element REVERTER OF SITES ACT 1987
650 ## - SUBJECT ADDED ENTRY--TOPICAL TERM
Topical term or geographic name entry element FRASER AND ANOTHER V CANTERBURY DIOCESAN BOARD OF FINANCE AND ANOTHER
690 ## - LOCAL SUBJECT ADDED ENTRY--TOPICAL TERM (OCLC, RLIN)
Topical term or geographic name as entry element PROPERTY AND LAND LAW-CASE LAW
856 ## - ELECTRONIC LOCATION AND ACCESS
Uniform Resource Identifier <a href="https://www.courtservice.gov.uk/View.do?id=2241">https://www.courtservice.gov.uk/View.do?id=2241</a>
Public note View judgment on the Court Service website...
856 ## - ELECTRONIC LOCATION AND ACCESS
Uniform Resource Identifier <a href="https://www.courtservice.gov.uk/View.do?id=2241">https://www.courtservice.gov.uk/View.do?id=2241</a>
Public note View judgment on the Court Service website...
856 ## - ELECTRONIC LOCATION AND ACCESS
Uniform Resource Identifier <a href="https://www.courtservice.gov.uk/View.do?id=2241">https://www.courtservice.gov.uk/View.do?id=2241</a>
Public note View judgment on the Court Service website...
856 ## - ELECTRONIC LOCATION AND ACCESS
Uniform Resource Identifier <a href="https://www.courtservice.gov.uk/View.do?id=2241">https://www.courtservice.gov.uk/View.do?id=2241</a>
Public note View judgment on the Court Service website...
942 ## - ADDED ENTRY ELEMENTS (KOHA)
Suppress in OPAC 0
Holdings
Withdrawn status Lost status Source of classification or shelving scheme Damaged status Not for loan Home library Current library Shelving location Date acquired Total Checkouts Full call number Barcode Date last seen Copy number Price effective from Koha item type
    Dewey Decimal Classification     London London Journal article 20/02/2004   ABS67551 125211-1001 06/08/2019 1 06/08/2019 Law report
    Dewey Decimal Classification     London London Journal article 20/02/2004   ABS67551 125211-1002 06/08/2019 2 06/08/2019 Law report
    Dewey Decimal Classification     Virtual Virtual Online 20/02/2004   ONLINE 125211-2001 06/08/2019 1 06/08/2019 Law report